Sports Quiz

Random Sports or Baseball Quiz

Illinois Big 4 Teams Quiz Stats

Quiz Updated Oct 26, 2014

Challenge
Share
Tweet
Embed
Score 0/5 Timer 00:30
7 Plays Today
% Correct
Chicago Bears
98.3%
Chicago Cubs
96.6%
Chicago Bulls
96%
Chicago White Sox
94.2%
Chicago Blackhawks
91.2%

You're not logged in!

Compare scores with friends on all Sporcle quizzes.
Sign Up with Email
OR
Log In

You Might Also Like...

Show Comments

Extras

Top Quizzes Today


Score Distribution

Your Account Isn't Verified!

In order to create a playlist on Sporcle, you need to verify the email address you used during registration. Go to your Sporcle Settings to finish the process.